LEADER 00829nam0-22002771i-450- 001 990008377410403321 005 20060915110128.0 035 $a000837741 035 $aFED01000837741 035 $a(Aleph)000837741FED01 035 $a000837741 100 $a20060915d1994----km-y0itay0103----ba 101 0 $aita 200 1 $aLuce e qualita' della vita$fAssociazione Italiana di Illuminotecnica 210 $aTorino$cAIDI$d1994 710 02$aAIDI$9$0422487 801 0$aIT$bUNINA$gRICA$2UNIMARC 901 $aBK 912 $a990008377410403321 952 $a00 I265(1/4)$b1318$fDETEC 952 $a00 I265(2/4)$b1318$fDETEC 952 $a00 I265(3/4)$b1318$fDETEC 952 $a00 I265(4/4)$b1318$fDETEC 959 $aDETEC 996 $aLuce e qualita' della vita$9723379 997 $aUNINA